| 000 | 01165cam a2200289 a 4500 | ||
|---|---|---|---|
| 001 | 672381 | ||
| 003 | NUST - PNEC | ||
| 005 | 20170116181000.0 | ||
| 008 | 950703s1996 njua 001 0 eng | ||
| 010 | _a 95034468 | ||
| 020 | _a0132326388 | ||
| 035 | _a(DLC) 95034468 | ||
| 040 | _cLiBRARY | ||
| 082 | 0 | 0 | _a621.3810285 TUM |
| 100 | 1 |
_aTumilty, Thomas, _d1938- |
|
| 245 | 1 | 0 |
_aAutoCad for electronics : _ba tutorial / _cThomas Tumilty. |
| 250 | _a2nd ed. | ||
| 260 |
_aEnglewood Cliffs, N.J. : _bPrentice Hall, _cc1996. |
||
| 300 |
_axxxiv, 412 p. : _bill. ; _c28 cm. + _e1 computer disk (3 1/2 in.) |
||
| 500 | _aIncludes index. | ||
| 538 | _aSystem requirements for accompanying computer disk: An IBM 386 or later, or 100-percent compatible computer with a math co-processor, a 3 1/2" disk drive and a hard drive. MS-DOS or PC-DOS or Windows 3.1 operating system; AutoCAD version 2.18 or later. | ||
| 630 | 0 | 0 | _aAutoCAD. |
| 650 | 0 |
_aElectronics _xEL |
|
| 906 |
_a7 _bcbc _corignew _d1 _eocip _f19 _gy-gencatlg |
||
| 942 |
_2ddc _cBK |
||
| 999 |
_c66673 _d66673 |
||